[Event "GER-chT U12 Girls"]
[Site "Magdeburg"]
[Date "2023.12.28"]
[Round "3.3"]
[White "Grunert, Greta"]
[Black "Hofmeier, Viktoria"]
[Result "1/2-1/2"]
[WhiteElo "1288"]
[BlackElo "1408"]
[PlyCount "83"]
[EventDate "2023.12.26"]
[EventType "team-swiss"]
[EventRounds "7"]
[EventCountry "GER"]
[SourceTitle "CB03_2024"]
[SourceDate "2024.01.17"]
[SourceVersion "1"]
[SourceVersionDate "2024.01.17"]
[SourceQuality "1"]
[WhiteTeam "Bayern Muenchen"]
[BlackTeam "Garching"]
[WhiteTeamCountry "GER"]
[BlackTeamCountry "GER"]

1. e4 e5 2. Nf3 Nc6 3. Bb5 a6 4. Ba4 Nf6 5. 0-0 Be7 6. Re1 b5 7. Bb3 d6 8. c3 0-0 9. h3 Nb8 10. d4 Nbd7 11. Nbd2 Re8 12. Nf1 Bb7 13. Ng3 h6 14. Qd3 Bf8 15. d5 Nc5 16. Qd1 Nxb3 17. Qxb3 c6 18. c4 cxd5 19. cxd5 Rc8 20. Bd2 Qd7 21. Bb4 Be7 22. Qa3 Ra8 23. Nf5 Red8 24. Nxe5 dxe5 25. Nxe7+ Kh8 26. Nf5 Nxd5 27. Rad1 Qe6 28. Nd6 Nxb4 29. Nxb7 Rxd1 30. Rxd1 Rb8 31. Nc5 Qc4 32. Nxa6 Nxa6 33. Qxa6 Qxe4 34. Qa7 Qb7 35. Rd7 Qxa7 36. Rxa7 f6 37. Ra3 b4 38. Rb3 Ra8 39. a3 bxa3 40. Rxa3 Rb8 41. b3 Kg8 42. Kf1 1/2-1/2

[Event "GER-ch U25-C"]
[Site "Willingen"]
[Date "2023.06.02"]
[Round "8"]
[White "Grunert, Greta"]
[Black "Fize, Aleksandrs"]
[Result "1-0"]
[WhiteElo "1100"]
[BlackElo "1154"]
[PlyCount "119"]
[EventDate "2023.05.27"]
[EventType "swiss"]
[EventRounds "9"]
[EventCountry "GER"]
[SourceTitle "CBM 214 Extra"]
[Source "ChessBase"]
[SourceDate "2023.07.31"]
[SourceVersion "1"]
[SourceVersionDate "2023.07.31"]
[SourceQuality "1"]

1. e4 c5 2. Nf3 e6 3. d4 cxd4 4. Nxd4 Nc6 5. Nc3 Qc7 6. Ndb5 Qb8 7. Be3 a6 8. Bb6 axb5 9. Nxb5 Bb4+ 10. c3 Ba5 11. Nc7+ Qxc7 12. Bxc7 Bxc7 13. Bc4 Nf6 14. Qe2 0-0 15. 0-0 d5 16. exd5 exd5 17. Bb3 b6 18. Qd2 Be6 19. Rfe1 Rad8 20. Bc2 d4 21. a3 dxc3 22. Qxc3 Rc8 23. Kh1 Na5 24. Qd3 Rfd8 25. Qe2 Bc4 26. Qf3 Bd5 27. Qh3 Bd6 28. Rac1 Re8 29. Bxh7+ Nxh7 30. Rxc8 Rxc8 31. Qxc8+ Bf8 32. Qb8 Nc4 33. b3 Nxa3 34. Qxb6 g6 35. Re8 Nc2 36. h4 Kg7 37. Qa5 Nf6 38. Rxf8 Kxf8 39. Qc5+ Kg7 40. Qxc2 Be4 41. Qc3 Bd5 42. Kh2 Bb7 43. g4 Bd5 44. g5 Bxb3 45. gxf6+ Kh7 46. Qxb3 Kh6 47. Qxf7 Kh5 48. Qh7+ Kg4 49. Qxg6+ Kf4 50. f3 Ke5 51. Qe4+ Kxf6 52. Kg3 Kf7 53. Qe5 Kg6 54. Qf4 Kg7 55. Qf5 Kh8 56. Qg5 Kh7 57. Kf4 Kh8 58. Kf5 Kh7 59. Kf6 Kh8 60. Qg7# 1-0

[Event "EU Union-ch U12"]
[Site "Pec pod Snezkou"]
[Date "2022.08.30"]
[Round "9"]
[White "Arshinkova, Ralitsa"]
[Black "Grunert, Greta"]
[Result "1-0"]
[WhiteElo "1217"]
[BlackElo "1103"]
[PlyCount "105"]
[EventDate "2022.08.22"]
[EventType "swiss"]
[EventRounds "9"]
[EventCountry "CZE"]
[SourceTitle "EXT 2023"]
[Source "ChessBase"]
[SourceDate "2022.10.05"]
[SourceVersion "1"]
[SourceVersionDate "2022.10.05"]
[SourceQuality "1"]

1. e4 e5 2. Nf3 Nc6 3. Bc4 Bc5 4. Nc3 d6 5. h3 Nf6 6. d3 Ne7 7. Bg5 h6 8. Bxf6 gxf6 9. a3 Rg8 10. g4 Ng6 11. Qd2 Nf4 12. 0-0-0 Be6 13. Bb5+ c6 14. Ba4 b5 15. Bb3 a5 16. d4 b4 17. dxc5 bxc3 18. bxc3 Rb8 19. Bxe6 fxe6 20. Qxd6 Qxd6 21. Rxd6 Rc8 22. Nd2 Ne2+ 23. Kb2 Rb8+ 24. Ka1 Ke7 25. Rxc6 Nxc3 26. Rc7+ Kf8 27. f3 Nb5 28. Rb1 Nxc7 29. Rxb8+ Kf7 30. Rb7 Rc8 31. Ra7 Kf8 32. Rxa5 Ra8 33. Rxa8+ Nxa8 34. a4 Ke7 35. Kb2 Kd7 36. Kb3 Kc6 37. Kb4 Nc7 38. Nb3 Na6+ 39. Ka5 Nc7 40. c4 Kb7 41. h4 Kc6 42. Kb4 Na6+ 43. Kc3 Nxc5 44. Nxc5 Kxc5 45. a5 Kc6 46. Kb4 Kb7 47. Kb5 Ka7 48. c5 Kb7 49. a6+ Kc7 50. c6 Kb8 51. Kb6 Ka8 52. c7 h5 53. c8Q# 1-0

[Event "EU Union-ch U12"]
[Site "Pec pod Snezkou"]
[Date "2022.08.24"]
[Round "3"]
[White "Grunert, Greta"]
[Black "Nemitz, Alfred"]
[Result "0-1"]
[WhiteElo "1103"]
[BlackElo "1894"]
[PlyCount "84"]
[EventDate "2022.08.22"]
[EventType "swiss"]
[EventRounds "9"]
[EventCountry "CZE"]
[SourceTitle "EXT 2023"]
[Source "ChessBase"]
[SourceDate "2022.10.05"]
[SourceVersion "1"]
[SourceVersionDate "2022.10.05"]
[SourceQuality "1"]

1. e4 e5 2. Nf3 Nc6 3. Bb5 a6 4. Ba4 Nf6 5. 0-0 Be7 6. Re1 b5 7. Bb3 d6 8. h3 Na5 9. c3 Nxb3 10. axb3 0-0 11. d4 exd4 12. cxd4 Bb7 13. d5 c6 14. dxc6 Bxc6 15. Nbd2 Re8 16. e5 dxe5 17. Nxe5 Qb6 18. Ndf3 Bc5 19. Be3 Rad8 20. Qe2 Bxf3 21. Nxf3 Bxe3 22. fxe3 Nd5 23. Rac1 Nf4 24. Qc2 Nd3 25. Kh2 Nxe1 26. Rxe1 Rxe3 27. Rxe3 Qxe3 28. Qc7 Re8 29. h4 Qxb3 30. Qa7 Qe6 31. Ng5 Qe5+ 32. Kh1 Qe1+ 33. Kh2 Qxh4+ 34. Nh3 Qf6 35. b3 g5 36. Qd7 Qe5+ 37. Kg1 Re7 38. Qd8+ Kg7 39. b4 g4 40. Nf2 g3 41. Qd1 Qe1+ 42. Qxe1 Rxe1# 0-1

[Event "GER-ch U25-C"]
[Site "Willingen"]
[Date "2019.06.12"]
[Round "5"]
[White "Chassard, Cecilia"]
[Black "Grunert, Greta"]
[Result "1-0"]
[WhiteElo "915"]
[BlackElo "861"]
[PlyCount "45"]
[EventDate "2019.06.08"]
[EventType "swiss"]
[EventRounds "9"]
[EventCountry "GER"]
[SourceTitle "CBM 191 Extra"]
[Source "ChessBase"]
[SourceDate "2019.09.30"]
[SourceVersion "1"]
[SourceVersionDate "2019.09.30"]
[SourceQuality "1"]

1. e4 c5 2. Nc3 e6 3. g3 Nc6 4. Bg2 Bd6 5. Nf3 Nge7 6. d4 0-0 7. d5 exd5 8. Nxd5 Nxd5 9. exd5 Re8+ 10. Be3 Nd4 11. Nxd4 cxd4 12. Qxd4 b6 13. 0-0 Bc5 14. Qf4 Ba6 15. Rfe1 Bb7 16. Qg4 Re5 17. Bh6 Rxe1+ 18. Rxe1 g6 19. Qc4 Qf6 20. Qe2 Qxb2 21. d6 Bxg2 22. Qe8+ Rxe8 23. Rxe8# 1-0